000 00650nam a22002177a 4500
999 _c19910
_d19910
003 AR-CdUCM
008 190325b ||||| |||| 00| 0 spa d
040 _aMUNICIPALIDAD PROVINCIAL DEL CUSCO
_cBIBLIOTECA MUNICIPAL DEL CUSCO
041 _heng
082 _a818.5 /
_bD93
100 _aDos Passos, John
_923537
245 _aManhattan transfer /
260 _aBuenos Aires :
_bSantiago Rueda,
_c1941.
300 _a406 paginas ;
_c25 cm.
505 _aContenido : Embarcadero -- Metrópoli -- Dólares -- Carriles...
650 _aNovela
_95
650 _aLiteratura
_983
650 _aBabilonia
_941623
942 _2ddc
_cLIBROS
945 _arcc